Quizzes
Events
Quiz Creation
Community
Videos
Private Events
Remove Ads
Sign In
Join for FREE
Feedback
Dark Mode
Quiz Categories
Sports
Geography
Music
Movies
Television
Just For Fun
Miscellaneous
History
Literature
Language
Science
Gaming
Entertainment
Religion
Holiday
For Kids
Quiz Lab
Recent
Popular Today
Quiz Kudos Today
Editor Picks
Curator Picks
Quizzes by...
Day
Popularity
Type
Ratings
Length
Year
Community
Subscriptions
Recent Discussions
Orange Saloon
Badges
Playlists
Quests
Create
Leaderboards
Showdown
Live 5
Trivia Bingo
Activity
Puzzle Library
Sporcle Events
Private Events
Virtual Trivia
Globe League
Become a Host
Pub Owners
SporcleCon
Opinionation
Our Games
Videos
Blog
Mobile Apps
Partnerships
Remove Ads and Go Orange
Feedback
Sports
Athletes
MLB
NBA
NHL
NFL
Soccer
Sports Teams
WWE
NCAA
Football
Premier League
Basketball
Baseball
Hockey
Golf
Tennis
Cricket
Rugby
Auto Racing
Olympics
World Cup
Sports
Athletes
MLB
NBA
NHL
NFL
Soccer
Sports Teams
WWE
NCAA
Football
Premier League
Basketball
Baseball
Hockey
Golf
Tennis
Cricket
Rugby
Auto Racing
Olympics
World Cup
Random Quiz
Search Sporcle
×
Curator Pick
Curator Pick
Sports
Rugby
Type in answers that appear in a list
Type in answers that appear in a list
Classic
Best Score? Go Orange.
Rugby Union Mega Quiz Stats
Can you name the victorious rugby union teams of the New Millennium?
By
lcfcruletheworld
10m
104 Questions
20.6K Plays
20,611 Plays
20,611 Plays
Comments
Comments
Give Quiz Kudos
Give Quiz Kudos
-
- Ratings
hide this ad
More Info
Forced Order
Answers have to be entered in order
Answers have to be entered in order
Replay
Link that replays current quiz
Next Quiz
Link to next quiz in quiz playlist
You Got
0%
They Got
Avg Score
37%
Avg Friend Score
Upgrade to see
Score Distribution
Jump to the score distribution portion of the page
Score
0/104
Timer
10:00
0
Plays Today
Competition
Team
% Correct
6 Nations
England
96.7%
Rugby World Cup
England
95.5%
Rugby World Cup
South Africa
94.9%
6 Nations
England
94.6%
6 Nations
England
94.1%
6 Nations
France
93.7%
6 Nations
France
92.8%
6 Nations
Wales
92.7%
Rugby World Cup
New Zealand
92.2%
6 Nations
Ireland
92.2%
6 Nations
France
92%
6 Nations
Wales
92%
6 Nations
France
91.6%
Rugby World Cup
New Zealand
91.2%
Rugby World Cup
South Africa
89.3%
Tri Nations
Australia
89.2%
6 Nations
Ireland
88.8%
6 Nations
Ireland
88.3%
6 Nations
England
88.3%
6 Nations
Wales
88.3%
6 Nations
Wales
88.2%
6 Nations
England
88.1%
6 Nations
France
88.1%
Tri Nations
Australia
88.1%
6 Nations
Wales
87.8%
6 Nations
England
87.8%
Tri Nations
New Zealand
87.7%
6 Nations
Ireland
87.4%
Tri Nations
New Zealand
87.2%
Tri Nations
South Africa
86.4%
Tri Nations
New Zealand
86%
Tri Nations
New Zealand
85.8%
Tri Nations
New Zealand
85.8%
Tri Nations
South Africa
85.8%
Tri Nations
New Zealand
85.8%
Competition
Team
% Correct
Tri Nations
Australia
80.8%
Tri Nations
New Zealand
80.7%
The Rugby Championship
New Zealand
77.1%
The Rugby Championship
New Zealand
77%
The Rugby Championship
New Zealand
77%
The Rugby Championship
Australia
76.9%
The Rugby Championship
New Zealand
76.3%
The Rugby Championship
New Zealand
74%
The Rugby Championship
South Africa
73.9%
The Rugby Championship
New Zealand
73.7%
English Premiership
Leicester Tigers
69%
English Premiership
Leicester Tigers
68.5%
English Premiership
Leicester Tigers
56.4%
English Premiership
London Wasps
56.4%
English Premiership
London Wasps
56.2%
English Premiership
Leicester Tigers
55.9%
English Premiership
London Wasps
55.8%
English Premiership
London Wasps
54.2%
English Premiership
Saracens
53.5%
English Premiership
Saracens
53.3%
English Premiership
Saracens
53.2%
English Premiership
Saracens
53.2%
English Premiership
Sale Sharks
47.8%
English Premiership
Gloucester Rugby
46.4%
English Premiership
Leicester Tigers
45.5%
English Premiership
Exeter Chiefs
44.4%
European Rugby Champions Cup
Toulon
44.3%
English Premiership
Northampton Saints
43.7%
Heineken Cup
Toulon
42.9%
Heineken Cup
Leinster
42.8%
Heineken Cup
Munster
42%
English Premiership
Saracens
41.4%
Heineken Cup
Toulon
40.6%
Heineken Cup
Leicester Tigers
40.4%
Heineken Cup
Munster
40.4%
Competition
Team
% Correct
English Premiership
Harlequins
40.3%
European Rugby Champions Cup
Saracens
39.4%
Heineken Cup
Leicester Tigers
39%
European Rugby Champions Cup
Saracens
38.4%
Heineken Cup
London Wasps
38%
Heineken Cup
Toulouse
37.4%
Heineken Cup
Toulouse
37.2%
European Rugby Champions Cup
Saracens
37.1%
English Premiership
Leicester Tigers
37%
Heineken Cup
London Wasps
37%
Heineken Cup
Leinster
37%
European Rugby Champions Cup
Leinster
35.8%
Heineken Cup
Leinster
35.3%
Super 12
Crusaders
34.9%
Super Rugby
Crusaders
33.9%
Super Rugby
Crusaders
33.2%
Heineken Cup
Northampton Saints
30.6%
Super 12
Crusaders
29%
Heineken Cup
Toulouse
28.9%
Super 12
Crusaders
26.3%
Super Rugby
Hurricanes
25.8%
Super 14
Crusaders
25.7%
Super 14
Crusaders
25.6%
Super 12
Brumbies
25.6%
Super 12
Blues
24.6%
Super Rugby
Reds
23.5%
Super Rugby
Chiefs
22.3%
Super Rugby
Chiefs
22.2%
Super Rugby
Highlanders
22%
Super 14
Bulls
21.5%
Super 12
Brumbies
21.2%
Super 14
Bulls
21.1%
Super Rugby
Waratahs
20.4%
Super 14
Bulls
20.1%
Quiz Playlist
Details
Report
Send in Message
Add To Playlist
More Info:
N.B Tri Nations became the Rugby Championship in 2012 and the Heineken Cup became the European Rugby Champions Cup in 2014.
Classic:
Type in answers that appear in a list
Forced Order:
Answers have to be entered in order
Quiz Source
Last Updated: Apr 8, 2020
Curator Pick in
Rugby
Quiz Scoreboard
CHALLENGE
Sign Up to Join the Scoreboard
Show All
Scores
Hide
Comments
May contain spoilers
Recently Published
Alphabetical 'K' Countries by Flag Minefield
by ylime102
Geography
3m
Pick 6: Fruits
by JohnFran
Miscellaneous
15s
Click the 1999 NBA Draft
by nibperrychub
Sports
2m
More to Explore
Quiz From the Vault
Featured Blog Post
15 Basketball Trivia Facts You Can Be March Mad About
hide this ad
You Might Also Like...
Tags
Rugby Quiz
World Cup Quiz
Australia Rugby
English Rugby
heineken
National Rugby
New Zealand Rugby
Premiership Rugby
Rugby Union
Rugby World Cup
South Africa Rugby
Super Rugby
Today's Top Quizzes in Sports
Browse Sports
hide this ad
Today's Top Quizzes in Rugby
Browse Rugby
Top Contributed Quizzes in Sports
1
Don't Strike Out: 3000 Strikeouts
2
MLB 2 truths and a lie: Hall of Fame pitchers
3
MLB Players with Two .350 Batting Average Seasons
4
Last 10 Members of the 500 HR Club in Order
5
Criteria MLB: Left Handed Sluggers
6
One Time Final Four Teams
7
Millionaire: NBA Finals Edition
8
MLB Teams by First Game
9
Pitchers With Multiple No-Hitters
10
Pick 6: NFL Teams
Explore More
Trending Topics
Kpop
Crossword
Harry Potter
Anime
NBA
Marvel
Disney
Pokémon
NFL
The Office
Song
WWE
Soccer
Puzzle
Country
hide this ad
More By:
lcfcruletheworld
Quiz
Plays
Rating
Category
Featured
Created
Rugby Union Mega Quiz
20,611
4.10
Sports
Feb 24, 2010
Golf Major Winners 2000s
3,467
4.60
Sports
Feb 24, 2010
Leicester City Top Scorers
562
5.00
Sports
Feb 16, 2010
English Football Managers 2009/10
469
5.00
Sports
Feb 16, 2010
World Countries by Capitals
274
3.20
Geography
Apr 7, 2010
Go to Creator's Profile
Score Distribution
Quiz Creator Spotlight
lcfcruletheworld
Follow
Send a Message
Quizzes Created
-
Created Quiz Play Count
-
More By This Creator
Popular Quizzes Today
1
Find the US States - No Outlines Minefield
2
Countries of Asia Without Outlines Minefield
3
Pick 6: Fruits
4
Alphabetical 'K' Countries by Flag Minefield
5
The Countries of the World
6
Click the 1999 NBA Draft
7
Find the US States
8
Match the Book to the Film X
More Sports Quizzes
Les rugbymen élus meilleurs joueurs du monde
Quiz Lab
Trending Quizzes
Pick 6: Harry Potter
Pick 6: Mountains
Pick 6: NFL Teams
Pick 6: Golfers
Pick 6: Movie Franchises
Recently Updated
Women's Final Four Teams by Year
bhenderson79
Presidents Quartet II
eogle
Anything But Clue(do)
eogle
Anything But Oceanian Capitals
eogle
Anything But 7
eogle
Anything But Thing
eogle
Word Ladder: February 29
pecheneg
Song Title Questions
pecheneg
Women's NCAA Tournament #1 Seeds
pecheneg
Celebrity Mug Shots
pecheneg
Trending Topics
Anime
Kpop
Marvel
Disney
Harry Potter
NBA
Crossword
Soccer
NFL
WWE
Pokémon
Song
The Office
Country
Puzzle
Your Account Isn't Verified!
In order to create a playlist on Sporcle, you need to verify the email address you used during registration. Go to your
Sporcle Settings
to finish the process.
Report this User
Report this user for behavior that violates our
Community Guidelines
.
Details:
Send Report
Go to the Sporcle.com Mobile Site →
Comments